Online katalóg knižníc regiónu Turca

Chodila dievčina po hore plačúci (Record no. 21246)

MARC details
000 -LEADER
fixed length control field 01385nam a2200409 4500
001 - CONTROL NUMBER
control field 21246
003 - CONTROL NUMBER IDENTIFIER
control field VRT
005 - DATE AND TIME OF LATEST TRANSACTION
control field 20260225135128.0
008 - FIXED-LENGTH DATA ELEMENTS--GENERAL INFORMATION
fixed length control field 200104s2018 xo a g 000 j slo
015 ## - NATIONAL BIBLIOGRAPHY NUMBER
National bibliography number SNBA2018/07
020 ## - INTERNATIONAL STANDARD BOOK NUMBER
International Standard Book Number 9788081282171
Qualifying information (viazané)
035 ## - SYSTEM CONTROL NUMBER
System control number urn:nbn:sk:snk-am00d4lf
035 ## - SYSTEM CONTROL NUMBER
System control number urn:nbn:sk:snk-am3hlii
035 ## - SYSTEM CONTROL NUMBER
System control number 24B6A9A1-8483-4A0D-8CFF-86B3363FE295
039 #9 - LEVEL OF BIBLIOGRAPHIC CONTROL AND CODING DETAIL [OBSOLETE]
Level of rules in bibliographic description 202001041316
Level of effort used to assign nonsubject heading access points VLOAD
Level of effort used to assign subject headings 201807201636
Level of effort used to assign classification csnk08
040 ## - CATALOGING SOURCE
Original cataloging agency SNK
Language of cataloging slo
Transcribing agency SNK
Description conventions rda
041 0# - LANGUAGE CODE
Language code of text/sound track or separate title slo
044 ## - COUNTRY OF PUBLISHING/PRODUCING ENTITY CODE
MARC country code xo
ISO country code SK
072 #7 - SUBJECT CATEGORY CODE
Subject category code 821.162.4-3
Subject category code subdivision Slovenská próza
Source konspekt
080 ## - UNIVERSAL DECIMAL CLASSIFICATION NUMBER
Universal Decimal Classification number 821.162.4-32
Edition identifier 2011
100 1# - MAIN ENTRY--PERSONAL NAME
Personal name Husárová, Jana,
Dates associated with a name 1985-
Relationship aut
245 10 - TITLE STATEMENT
Title Chodila dievčina po hore plačúci
Statement of responsibility, etc. Jana Husárová ; ilustrovala Mária Fúčelová
264 #1 - PRODUCTION, PUBLICATION, DISTRIBUTION, MANUFACTURE, AND COPYRIGHT NOTICE
Place of production, publication, distribution, manufacture Martin
Name of producer, publisher, distributor, manufacturer Matica slovenská
Date of production, publication, distribution, manufacture, or copyright notice 2018
300 ## - PHYSICAL DESCRIPTION
Extent 100 strán
Dimensions 18 cm
336 ## - CONTENT TYPE
Content type term text
Content type code txt
Source rdacontent
337 ## - MEDIA TYPE
Media type term bez média
Media type code n
Source rdamedia
338 ## - CARRIER TYPE
Carrier type term zväzok
Carrier type code nc
Source rdacarrier
490 1# - SERIES STATEMENT
Series statement Modrá katedrála
655 #7 - INDEX TERM--GENRE/FORM
Genre/form data or focus term slovenské poviedky
Source of term SNKPH
655 #7 - INDEX TERM--GENRE/FORM
Genre/form data or focus term Slovak stories
Source of term SNKPHeng
700 1# - ADDED ENTRY--PERSONAL NAME
Personal name Fúčelová, Mária,
Dates associated with a name 1991-
Relationship ill
830 #0 - SERIES ADDED ENTRY--UNIFORM TITLE
Uniform title Modrá katedrála
942 ## - ADDED ENTRY ELEMENTS (KOHA)
Source of classification or shelving scheme Dewey Decimal Classification
Koha item type Krásna literatúra pre deti
Suppress in OPAC No
949 ## - LOCAL PROCESSING INFORMATION (OCLC)
6 17A1333398
a snkSD 87459
b snk2018/14405
o 1361/2018
s 6100:20180903
949 ## - LOCAL PROCESSING INFORMATION (OCLC)
6 17A1333399
a snkSD 87459 D1
b snk2018/14406
o 1361/2018
949 ## - LOCAL PROCESSING INFORMATION (OCLC)
6 273K0626538
a svkpoA 238136
b svkpo624256
Holdings
Stav vyradenia Strata Poškodenie Spôsob nadobudnutia Domovská knižnica Aktuálna knižnica Dátum nadobudnutia Total checkouts Čiarový kód exemplára Date due Date last seen Date last checked out Typ exemplára
      Dar Mestská knižnica Turany Mestská knižnica Turany 25.02.2026 1 4712401303 27.03.2026 25.02.2026 25.02.2026 Krásna literatúra pre deti
Projekt je podporený Slovenskou asociáciou knižníc
Prevádzkuje Turčianska knižnica Martin 2026